Lazernyje prijemniki

Uložené v:
Podrobná bibliografia
Hlavný autor: ROSS, M. (Author)
Médium: Kniha
Jazyk:Russian
Vydané: 1969
Tagy: Pridať tag
Žiadne tagy, Buďte prvý kto otaguje tento záznam!

MARC

LEADER 00000nam a2200000 a 4500
001 000124639
005 00000000000000.0
008 040101s1969 e ruso
041 0 |a rus 
100 1 |a ROSS, M.  |4 aut 
245 1 0 |a Lazernyje prijemniki 
260 |c 1969 
500 |a Záznam neprešiel kontrolou 
910 |a svkkk 
998 |a BK 
090 |g SCKHL  |k Sklad Pribinova 2. posch.  |a II0.12917  |i 124639-10  |s Absenčne